ბათუმის შოთა რუსთაველის სახელმწიფო უნივერსიტეტის ბიბლიოთეკა

ჩანაწერი Personal Name

ჩანაწერთა რაოდენობა, რომელიც გამოყენებულია: 1

001 - CONTROL NUMBER

  • control field: 10748

003 - CONTROL NUMBER IDENTIFIER

  • control field: GE_BSU

005 - DATE AND TIME OF LATEST TRANSACTION

  • control field: 20210325131245.0

008 - FIXED-LENGTH DATA ELEMENTS

  • fixed length control field: 210325|| aca||aabn | a|a d

040 ## - CATALOGING SOURCE

  • Original cataloging agency: GE_BSU
  • Transcribing agency: GE_BSU

100 ## - HEADING--PERSONAL NAME

  • Personal name: ჭანიძე, ქეთევან

670 ## - SOURCE DATA FOUND

  • Source citation: Work cat.: (GE_BSU)55099: ჭანიძე, ქეთევან, დემოგრაფიული პროცესების ეკონომიკური მოდელირება მზარდი ეკონომიკის პირობებში(აჭარის ავტონომიური რესპუბლიკის მაგალითზე) /